How many approaches in the social sciences? : an epistemoligical introduction /
Se plantea el problema de la existencia de múltiples perspectivas en ciencias sociales y su compatibilidad. Se distinguen las ontologías, epistemologías y metodologías de algunas posturas rivales: la positivista, la post-positivista, la interpretativa y la humanística. Finalmente, se discute la form...
Guardat en:
| Altres autors: | |
|---|---|
| Format: | Llibre |
| Publicat: |
New York
Cambridge University Press
|
| Matèries: | |
| Etiquetes: |
Afegir etiqueta
Sense etiquetes, Sigues el primer a etiquetar aquest registre!
|
MARC
| LEADER | 00000nam a22000007a 4500 | ||
|---|---|---|---|
| 003 | cru CRAI/IIS | ||
| 005 | 20221027062551.0 | ||
| 008 | 191209b uyu||||| |||| 00| 0 Eng d | ||
| 999 | |c 42742 |d 42742 | ||
| 040 | |c cru CRAI/IIS | ||
| 090 | |a 18.03.01 D357a | ||
| 245 | |a How many approaches in the social sciences? : |b an epistemoligical introduction / |c Donatella della Porta ; Michael Keating | ||
| 260 | |a New York |b Cambridge University Press | ||
| 300 | |a páginas 19-39 | ||
| 520 | |a Se plantea el problema de la existencia de múltiples perspectivas en ciencias sociales y su compatibilidad. Se distinguen las ontologías, epistemologías y metodologías de algunas posturas rivales: la positivista, la post-positivista, la interpretativa y la humanística. Finalmente, se discute la forma en que el investigador puede escoger, o incluso combinar (con algunas limitaciones), algunas de estas perspectivas para generar un conocimiento científico. | ||
| 650 | 0 | |9 6132 |a ACADEMIAS (CIENCIAS SOCIALES) | |
| 650 | 0 | |9 2524 |a METODOS DE INVESTIGACION | |
| 650 | 0 | |9 85 |a CIENCIA POLITICA | |
| 650 | 0 | |a TEORIA POLITICA |9 4970 | |
| 700 | 1 | |9 8867 |a Keating, Michael | |
| 942 | |2 ddc |c LI | ||
| 773 | 0 | |0 42741 |9 4058 |a Della Porta, Donatella |d Inglaterra : Cambridge University Press |o 13545 |t Approaches and methodologies in the social sciences: |w (cru CRAI/IIS)42032 |z 978-0-521-88322-1 | |



